| 000 | 00769nam a22002057a 4500 | ||
|---|---|---|---|
| 999 |
_c15520 _d15520 |
||
| 003 | AR-CdUCM | ||
| 008 | 190429b ||||| |||| 00| 0 spa d | ||
| 040 |
_aMUNICIPALIDAD PROVINCIAL DEL CUSCO _cBIBLIOTECA MUNICIPAL DEL CUSCO |
||
| 082 |
_a818.38 / _bM539 |
||
| 100 |
_aMendoza, Miguel R. _934622 |
||
| 245 |
_aWalt Whitman : _bcantor de la democracia / |
||
| 260 |
_aMéxico, D.F : _bSecretaría de Educación Pública, |
||
| 300 |
_a76 páginas ; _c19 cm. |
||
| 505 | _aContenido: Walt Whitman -- Pórtico, Walt Whitman, por Rubén Darío -- Para ti, oh democracia -- canto un solo yo... | ||
| 650 |
_aPoesías estadounidenses _917508 |
||
| 650 |
_aPoetas estadounidenses _934623 |
||
| 650 |
_aBiografía _922 |
||
| 942 |
_2ddc _cLIBROS |
||
| 945 |
_adavv _d29/04/2019 |
||